Maires de Toulouse - Statistiques

Statistiques générales
  • Ce quiz a été pris 12 fois
  • Le résultat moyen est 5 sur 9
Statistiques - réponses
Durée du mandat Appartenance politique Maire % Correct
2004-2008 UMP Jean-Luc Moudenc
90%
2014- UMP → LR → LFA Jean-Luc Moudenc
90%
1971-1983 CD, UDF-CDS Pierre Baudis
80%
2008-2014 PS Pierre Cohen
80%
2001-2004 UDF-AD, UMP Philippe Douste-Blazy
60%
1983-2001 UDF-CDS Dominique Baudis
50%
2001 DVD Guy Hersant
20%
1958-1971 SFIO Louis Bazerque
10%
1944-1958 SFIO Raymond Badiou
10%
Aucun quiz correspondant
Distribution des résultats
% des personnes avec chaque résultat
Percentile par nombre de réponses
Votre historique - résultats
Vous n’avez pas pris ce quiz